000 00353nam a2200157Ia 4500
005 20250603145933.0
008 250603s9999 xx 000 0 und d
020 _a0- 385- 49099- 2
050 _aPS3557.R5355R35
100 _aJohn Grisham
245 4 _aThe street lawyer
260 _bDoubleday
260 _c1998
300 _a348 p
942 _cBK
999 _c43295
_d43295